All Men's International Teams in EAFC 24 - Statistics

General Stats
  • This quiz has been taken 136 times
  • The average score is 20 of 31
Answer Stats
National Team % Correct
Argentina
91%
France
91%
England
86%
Spain
85%
Brazil
82%
Germany
82%
Portugal
81%
Netherlands
78%
United States
78%
Belgium
77%
Italy
76%
Sweden
72%
Norway
71%
Denmark
68%
Mexico
66%
Ireland
65%
Croatia
64%
Poland
63%
Finland
62%
Scotland
58%
Ukraine
58%
Wales
57%
Iceland
50%
Hungary
47%
Morocco
47%
Northern Ireland
44%
Romania
44%
Ghana
43%
Czech Republic
41%
Qatar
41%
New Zealand
37%
No matching quizzes found
Score Distribution
Percent of People with Each Score
Percentile by Number Answered
Your Score History
You have not taken this quiz